Statistics for JoJo's Bizarre Adventure Localization Names #4

Click here to take the quiz!

General Stats

  • This quiz has been taken 52 times
    (9 since last reset)
  • The average score is 14 of 25

Answer Stats

HintAnswer% Correct
Chili PepperRed Hot Chili Pepper
89%
Boy Man ManBoy II Man
78%
Mirror ManMan in the Mirror
78%
Heart AttackSheer Heart Attack
78%
MetallicMetallica
67%
Yo MamYo-Yo Ma
67%
Heart FatherAtom Heart Father
56%
Burning DownBurning Down the House
56%
Sweet DiscoChocolate Disco
56%
CrushClash
56%
Meteor WavesPlanet Waves
56%
Velocity KingSpeed King
56%
Snow MountainSugar Mountain
56%
Talking MouthTalking Head
56%
TarukusTarkus
56%
HookedWired
56%
King BedCalifornia King Bed
44%
Jumpin' Jack SparkJumpin' Jack Flash
44%
Autumn LeavesLes Feuilles
44%
MandoMandom
44%
Downtown TransferManhattan Transfer
44%
Origami KingPaper Moon King
44%
TubularTubular Bells
44%
Zii ZiiZZ
44%
Silver ChainAqua Necklace
22%

Score Distribution

Percentile by Number Answered

Percent of People with Each Score

Your Score History

You have not taken this quiz since the last reset